ბათუმის შოთა რუსთაველის სახელმწიფო უნივერსიტეტის ბიბლიოთეკა

კორპორაციული სოციალური პასუხისმგებლობა და ეთიკა: ევროკავშირის გამოცდილება / (ბიბ.ჩანაწერი № 64116)

000 -ლიდერი
ფიქსირებული სიგრძის საკონტროლო ველი 01181nam a22002177a 4500
003 - საკონტროლო ნომრის იდენტიფიკატორი
საკონტროლო ველი Ge_BSU
005 - ბოლო ოპერაციის თარიღი და დრო
საკონტროლო ველი 20260407163803.0
008 - ფიქსირებული სიგრძის მონაცემთა ელემენტები - ზოგადი ინფორმაცია
ფიქსირებული სიგრძის საკონტროლო ველი 260407s2021 ge ||||| |||| 00| 0 geo d
020 ## - წიგნის საერთაშორისო სტანდარტული ნომერი
International Standard Book Number 9789941499166
041 ## - ენის კოდი
Language code of text/sound track or separate title geo
080 ## - უნივერსალური ათობითი კლასიფიკაციის ინდექსი
Universal Decimal Classification number 005.35(4): 17 თ-24
100 ## - მთავარი ჩანაწერი - პიროვნების სახელი
Personal name თაკალანძე, ლარისა
9 (RLIN) 14664
245 ## - ცნობა სათაურის შესახებ
Title კორპორაციული სოციალური პასუხისმგებლობა და ეთიკა: ევროკავშირის გამოცდილება /
Statement of responsibility, etc ლარისა თაკალანძე; რედ. ირმა დიხამინჯია; სოხუმის სახელმწიფო უნივერსიტეტი.
264 ## - წარმოების, გამოცემის, დისტრიბუციის და სხვა ცნობები
გამოცემის, წარმოების, დისტრიბუციის... ადგილი თბილისი,
გამოცემის, წარმოების, დისტრიბუციის... თარიღი 2021.
300 ## - ფიზიკური აღწერა
Extent 151 გვ.;
Other physical details 21 სმ.
504 ## - BIBLIOGRAPHY, ETC. NOTE
Bibliography, etc ბიბლიოგრ. გვ. 151
653 ## - INDEX TERM--UNCONTROLLED
Uncontrolled term კორპორაციული ეთიკა
700 ## - ADDED ENTRY--PERSONAL NAME
Personal name თაკალანძე, ლარისა
Relator term რედაქტორი
9 (RLIN) 14664
710 ## - ADDED ENTRY--CORPORATE NAME
Corporate name or jurisdiction name as entry element სოხუმის სახელმწიფო უნივერსიტეტი
9 (RLIN) 27280
942 ## - ADDED ENTRY ELEMENTS (KOHA)
Source of classification or shelving scheme
Koha item type წიგნი
ეგზემპლარები
ჩამოწერის სტატუსი დაკარგული ეგზემპლარის სტატუსი კლასიფიკაციის წყარო ან თაროზე გაწყობის სქემა დაზიანების სტატუსი არ გაიცემა მუდმივი მდებარეობა (დაცვის ადგილი) ამჟამინდელი ადგილსამყოფელი თაროზე განთავსების ადგილი შეძენის თარიღი ღირებულება, შესყიდვის ნორმალური ფასი სრული შენახვის შიფრი შტრიხკოდი ბოლო ოპერაციის თარიღი ეგზემპლარის მიმდევრობითი ნომერი (კეტერი?) Uniform Resource Identifier ფასის ძალაში შესვლის თარიღი ეგზემპლარის სახეობა საჯარო შენიშვნა
          ბათუმის შოთა რუსთაველის სახელმწიფო უნივერსიტეტის მთავარი ბიბლიოთეკა ბათუმის შოთა რუსთაველის სახელმწიფო უნივერსიტეტის მთავარი ბიბლიოთეკა წიგნსაცავი 2026-04-07 5.99 005.35(4): 17 თ-24 74255 2026-04-07 74255 ნაჩუქარი 2026-04-07 წიგნი 5 ლ. 99 თ.